Sirshendu mikhopadhyay : (Record no. 168847)

MARC details
000 -LEADER
fixed length control field 00529nam a22001697a 4500
005 - DATE AND TIME OF LATEST TRANSACTION
control field 20191030113641.0
010 ## - LCCN (DPL NO)
LC control number ENG-126728
020 ## - INTERNATIONAL STANDARD BOOK NUMBER
International Standard Book Number 9788126047499
Terms of availability 100.00
035 ## - SYSTEM CONTROL NUMBER
System control number EN-110260
037 ## - SOURCE OF ACQUISITION
Source of stock number/acquisition DBAD/PUB
082 ## - DEWEY DECIMAL CLASSIFICATION NUMBER
Classification number S
245 ## - TITLE STATEMENT
Title Sirshendu mikhopadhyay :
Remainder of title selected short stories
260 ## - PUBLICATION, DISTRIBUTION, ETC. (IMPRINT)
Place of publication, distribution, etc New Delhi
Name of publisher, distributor, etc Sahitya Akadmi
Date of publication, distribution, etc 2016
270 ## - ADDRESS
Address Rabindra Bhavan
City 35, Ferozshah Road,New Delhi
Postal code 110001
Telephone number 011-23386626/27/28
Electronic mail address secretary@sahitya.akademi.gov.in
300 ## - PHYSICAL DESCRIPTION
Extent xi;111p.
Dimensions 22cm(pbk)
942 ## - ADDED ENTRY ELEMENTS (KOHA)
Source of classification or shelving scheme Dewey Decimal Classification
Item type English Books
Classification part S
Call number suffix SIR
Holdings
Withdrawn status Lost status Not for loan Collection code Home library Current library Date acquired Source of acquisition Cost, normal purchase price Full call number Barcode Copy number Cost, replacement price Koha item type
      Fiction Central Library Central Library 30/10/2019 DBAD/PUB 100.00 S SIR EN-110260 1 100.00 English Books

© Delhi Public Library
Hit Counter
free hit counter